000 nam a22 7a 4500
999 _c28845
_d28844
003 OSt
005 20170530020120.0
008 170530b xxu||||| |||| 00| 0 eng d
020 _a9781118976586
040 _aMMU
_beng
_cMMU
_dMMU
050 _aHD30.28 .D9223 2015
245 _aStrategies management :
_bconcepts and tools for creating real world strategy/
_cJeff Dyer ...[et al.].
260 _aHoboken, NJ :
_bJohn Wiley & Sons ,
_c2015
300 _a421 p.:
_bill.;
650 _aStrategic management
_9342
942 _2lcc
_cLOAN LOAN